00435 2200169 4500001002100000008004100021035002000062245006800082100001900150250000600169260003500175300001100210084001400221082000800235650001000243990001200253INLIS000000000001258 ind  a0010-0524000493 aMenganyam Rindu Oktober ( Kumpulan Puisi )cRatih Resmi H. S.Pd aResmi H, Ratih a1 aKuningan :bGoresan Penac2022 a25 hlm a400 RAT m a400 aFiksi a0747658